000
00360nam a2200145Ia 4500
008
231129s1992||||xx |||||||||||||| ||spa||
020
_a
980-293-131
040
_b
spa
082
_a
G823 F667n
100
_a
Follet Ken
245
0
_a
Noches sobre las aguas
260
_c
1992
264
_a
Grijalbo
942
_2
ddc
_c
BKS
999
_c
21746
_d
21746